000 00600nam a2200205 a 4500
001 BRCA_1960
005 20190320203622.0
008 000000s2000 sp-#---###---#000-0#spa-u
020 _a8449415136
050 4 _aPC4640
_b.D53 2000
245 1 0 _aDiccionario español-inglés.
260 _aBarcelona
_bOceano Grupo Editorial
_c2000
300 _a277 p.
_c15 cm.
440 0 _aNuevo Equipo Didáctico Oceano
_96017
500 _aIncluye gramática española
650 1 4 _aEspañol
_vDiccionarios
_xInglés
_95934
650 1 4 _aInglés
_vDiccionarios
_xEspañol
_95933
902 _aREF
942 _2lcc
_cB
999 _c1730
_d1730